| 000 | 00917nas a2200277 4500 | ||
|---|---|---|---|
| 001 | BR2014007390 | ||
| 003 | BR-BrBNA | ||
| 005 | 20231205124805.0 | ||
| 007 | ta | ||
| 008 | 230509b bl.|||p| |||| 00| 00por d | ||
| 040 |
_aBR-BrBNA _bpor _cBiblioteca Nacional de Agricultura |
||
| 041 | _a(Pt) | ||
| 072 | _aF04; F08 | ||
| 100 | 1 | _aAraújo, J.S. | |
| 100 | 1 | _aAndrade, A.P. de | |
| 100 | 1 | _aRamalho, C.I. | |
| 100 | 1 | _aAzevedo, C.A.V. de | |
| 245 | 1 | _aCaracterísticas de frutos de pimentão cultivado em ambiente protegido sob doses de nitrogênio via fertirrigação | |
| 650 | _aCAPSICUM ANNUUM | ||
| 650 | _aFERTILIZANTE NITROGENADO | ||
| 650 | _aESTUFA | ||
| 650 | _aNITROGÊNIO | ||
| 773 | 0 |
_tRevista Brasileira de Engenharia Agrícola e Ambiental (Brazil) _xISSN 1415-4366 _g(Mar-Apr 2009), V. 13(2) p. 152-157 _wBR2014007390 |
|
| 909 |
_a202311 _bLúcia _c55 _dLúcia Elande |
||
| 942 |
_2AGRIS _n0 _cANA |
||
| 999 |
_c240919 _d240919 |
||